Normal view
MARC view
- Building
Entry Topical Term
001 - CONTROL NUMBER
- control field: 24711
003 - CONTROL NUMBER IDENTIFIER
- control field: NUST
005 - DATE AND TIME OF LATEST TRANSACTION
- control field: 20191024143141.0
008 - FIXED-LENGTH DATA ELEMENTS
- fixed length control field: 191024|| aca||aabn | a|a d
040 ## - CATALOGING SOURCE
- Original cataloging agency: NUST
- Transcribing agency: NUST
150 ## - HEADING--TOPICAL TERM
- Topical term or geographic name entry element: Building
- Form subdivision: Handbooks, manuals, etc.
670 ## - SOURCE DATA FOUND
- Source citation: Work cat.: (NUST)0: Chudley, R. 24710, Building construction handbook /, 2013.
